=LDR 00000nam 2200000 4500 =001 INLIS000000000021365 =005 20130612120229 =008 ***********************************Ind** =035 ##$$0010-061300000021365 =041 ##$$a Ind =082 ##$$a 198.4 =090 ##$$a 198.4, Men m =100 ##$$a Parkinson, C. Northcote =245 ##$$a Mengapa Sukses Terletak Pada Angka, C. Northcote Parkinson, M.K. Reytomji ; Penerjemah, Purwati Pujiastuti =250 ##$$a Seri Manajemen Populer No.7 =260 ##$$a 1984 $b Jakarta =300 ##$$a 181 hlm, Ilua, 21 cm =650 ##$$a Manajemen Eksekutif =700 ##$$a Reytomji, Pujiastuti, Purwati =850 ##$$a NBPNMAT